On Screen 3 - Student's Book (Registro nro. 2071)
[ vista simple ]
| 000 -LEADER | |
|---|---|
| fixed length control field | 01747nam a22002057a 4500 |
| 003 - CONTROL NUMBER IDENTIFIER | |
| control field | OSt |
| 005 - DATE AND TIME OF LATEST TRANSACTION | |
| control field | 20260415100020.0 |
| 008 - FIXED-LENGTH DATA ELEMENTS--GENERAL INFORMATION | |
| fixed length control field | 260415b |||||||| |||| 00| 0 eng d |
| 020 ## - INTERNATIONAL STANDARD BOOK NUMBER | |
| International Standard Book Number | 9781471534980 |
| 082 ## - DEWEY DECIMAL CLASSIFICATION NUMBER | |
| Edition number | 9781471534980 |
| Classification number | 9781471534980 |
| Item number | 9781471534980 |
| 100 ## - MAIN ENTRY--PERSONAL NAME | |
| Personal name | Virginia Evans |
| 245 ## - TITLE STATEMENT | |
| Title | On Screen 3 - Student's Book |
| 250 ## - EDITION STATEMENT | |
| Edition statement | 3 |
| 260 ## - PUBLICATION, DISTRIBUTION, ETC. | |
| Place of publication, distribution, etc. | E.E U,U |
| Name of publisher, distributor, etc. | Express Publishing |
| Date of publication, distribution, etc. | 2015 |
| 300 ## - PHYSICAL DESCRIPTION | |
| Extent | 185 PAG |
| Dimensions | 27,6 x 21,6 cm. |
| 490 ## - SERIES STATEMENT | |
| Materials specified | acabado plastificado mate o semibrillante. |
| 520 ## - SUMMARY, ETC. | |
| Summary, etc. | On Screen es una serie de nueve cursos para estudiantes de inglés desde el nivel de principiante hasta el nivel de competencia. La serie combina el aprendizaje activo del inglés con una variedad de temas animados presentados en módulos temáticos. Características clave Un enfoque integrado para el desarrollo de las cuatro habilidades lingüísticas Nociones y funciones Presentación y práctica del vocabulario Variedad de tareas de lectura, comprensión auditiva y expresión oral Presentación de la gramática en contexto Actividades que fomentan el pensamiento crítico así como la investigación web Secciones de escritura que contienen modelos y desarrollo de habilidades de escritura y banco de escritura Actividades realistas de trabajo en grupo y trabajo en pareja Secciones de pronunciación e entonación Habilidades de estudio para ayudar a los estudiantes a convertirse en aprendices autónomos Secciones prácticas de inglés que preparan a los estudiantes para usar el idioma en situaciones de la vida real Secciones culturales y CLIL para cada módulo Revisión de idiomas Sección de referencia de gramática Pizarra blanca interactiva (IWB) Software |
| 700 ## - ADDED ENTRY--PERSONAL NAME | |
| Personal name | Virginia Evans |
| 942 ## - ADDED ENTRY ELEMENTS (KOHA) | |
| Source of classification or shelving scheme | Dewey Decimal Classification |
| Koha item type | Acceso Libre |
| Suppress in OPAC | No |
| Withdrawn status | Lost status | Source of classification or shelving scheme | Damaged status | Not for loan | Collection | Home library | Current library | Shelving location | Date acquired | Source of acquisition | Coded location qualifier | Inventory number | Total checkouts | Full call number | Barcode | Date last seen | Copy number | Price effective from | Koha item type |
|---|---|---|---|---|---|---|---|---|---|---|---|---|---|---|---|---|---|---|---|
| Dewey Decimal Classification | Estantería F Fila 2 | Biblioteca Stanford | Biblioteca Stanford | Biblioteca Abierta | 15.04.2026 | IDIOMAS | 0495 | 0495 | INGLES | IDIOMA0495 | 15.04.2026 | 1 | 15.04.2026 | Acceso Libre |